| 000 | 01138pam a2200301 a 4500 | ||
|---|---|---|---|
| 001 | 3890347 | ||
| 003 | NUST-PNEC | ||
| 005 | 20170116180707.0 | ||
| 008 | 900910s1991 ne a b 001 0 eng | ||
| 010 | _a 90048510 | ||
| 020 | _a0792307720 | ||
| 040 | _cPNEC | ||
| 050 | 0 | 0 |
_aTA405 _b.P54 1990 |
| 082 | 0 | 0 | _a620.1 KAR |
| 100 | 0 | _aPisidhi Karasudhi. | |
| 245 | 1 | 0 |
_aFoundations of solid mechanics / _cby P. Karasudhi. |
| 260 |
_aDordrecht ; _aBoston : _bKluwer Academic Publishers, _cc1991. |
||
| 300 |
_axvi, 439 p. : _bill. ; _c25 cm. |
||
| 440 | 0 |
_aSolid mechanics and its applications ; _vv. 3 |
|
| 500 | _aindex including: http://www.amazon.fr/Foundations-Solid-Mechanics-Pisidhi-Karasudhi/dp/0792307720/ref=sr_1_1?ie=UTF8&qid=1411800555&sr=8-1&keywords=0792307720 | ||
| 504 | _aIncludes bibliographical references (p. 419-428) and indexes. | ||
| 610 | _xME | ||
| 650 | 0 | _aStrength of materials. | |
| 650 | 0 | _aMechanics, Applied. | |
| 906 |
_a7 _bcbc _corignew _d1 _eocip _f19 _gy-gencatlg |
||
| 942 |
_2ddc _cBK |
||
| 999 |
_c60768 _d60768 |
||